000 00750nam a2200205 a 4500
003 0
005 20250318151933.0
008 080724s19uu xx 00 eng d
050 _aPGS SB 608.L5
_b.J61 2008
100 _aBin, Ji Seung.
245 _aCigarette smoke and its effects on monggo plants /
_cJi Seung Bin.
260 _aLas PiƱas City, Philippines :
_bSouthville International School and Colleges,
_c2008.
300 _a23 pages :
_billustrations ;
_c28 cm.
504 _aIncludes bibliographic references.
650 _aAir pollution and plants.
650 _aTobacco smoke pollution
_vEnvironmental aspects.
650 _aPlant growth
_vEffect of pollutants.
650 _aMung bean
_vEffect of air pollution.
942 _2lcc
_cPASS
999 _c97921
_d97921